Hazardous waste management

Uloženo v:
Podrobná bibliografie
Hlavní autoři: LaGrega, Michael D (Autor), Buckingham, Phillip L (Autor), Evans, Jeffrey C (Autor)
Médium: Kniha
Jazyk:angličtina
Vydáno: Nueva York McGraw-Hill 1994
Edice:McGraw-Hill Series in Water Resources and Environmental Engineering
Témata:
Tagy: Přidat tag
Žádné tagy, Buďte první, kdo vytvoří štítek k tomuto záznamu!

MARC

LEADER 00000nam a2200000 a 4500
001 UCZ7401
003 CL-VaPUC
008 960105e19940000US |||||||||||||||||eng|d
082 0 4 |a 628.52  |b LAG  |2 21 
100 |a LaGrega, Michael D  |e author  |9 454569 
700 0 |a Buckingham, Phillip L  |e author  |9 352251 
700 0 |a Evans, Jeffrey C  |e author  |9 352252 
245 1 0 |a Hazardous waste management 
300 |a 1146 p 
942 |c BK 
945 |d 19960105 00:00:00  |a rleighto 
260 |a Nueva York  |b McGraw-Hill  |c 1994 
650 7 |a CONTAMINACION  |2 CL-VaPUC  |9 258139 
650 0 |a Medio ambiente  |9 257625 
650 7 |a TOXICOLOGIA  |2 CL-VaPUC  |9 306970 
650 0 |a Enfermedades  |9 263059 
650 0 |a Contaminación atmosférica  |9 262775 
650 7 |a DETERIORO DEL MEDIO AMBIENTE  |2 CL-VaPUC  |9 344369 
650 7 |a RUIDO  |2 CL-VaPUC  |9 263306 
650 7 |a LUCHA CONTRA LA CONTAMINACION  |2 CL-VaPUC  |9 340696 
583 |a last modification  |c 19960105 00:00:00  |k Rodrigo Vera 
490 0 |a McGraw-Hill Series in Water Resources and Environmental Engineering 
999 |c 243486  |d 243484 
952 |0 0  |1 0  |4 0  |6 628_520000000000000_LAG_1994  |7 0  |8 A  |9 257137  |a BIBING  |b BIBING  |d 2019-11-19  |i 3166783  |o 628.52 LAG 1994  |p 3166783  |r 2025-01-20  |w 2019-11-19  |y BK  |k EIQ